Films par titres détournés I - Statistiques

Statistiques générales
  • Ce quiz a été pris 1 428 fois
  • Le résultat moyen est 4 sur 10
Statistiques - réponses
Hint Réponse % Correct
Les concierges de l'univers Les gardiens de la galaxie
77%
La perception interne (de l'intérieur) Inception
57%
C'est pas l'eau. C'est pas l'air. C'est pas la terre. C'est pas le feu. Le cinquième élément
54%
Le rassemblement de la bagarre Fight Club
50%
Exterminons le diminutif de William. Mais en anglais. Kill Bill
50%
C'est toujours les mêmes qu'on dit qu'ils sont coupables The usual suspects
22%
Quelques squales dans le vent Sharknado
19%
Ceux que vraiment ça va être chaud de les rompre Les Indestructibles
14%
Décès intentionnel sur rails. Le crime de l'Orient Express
13%
La ville qui manque de sérennité La cité de la peur
12%
Aucun quiz correspondant
Distribution des résultats
% des personnes avec chaque résultat
Percentile par nombre de réponses
Votre historique - résultats
Vous n’avez pas pris ce quiz